Lady Jane
Siglo XVI. A la muerte de Enrique VIII, Inglaterra queda sumida en el caos, ya que Eduardo VI (1547), el nuevo rey, es un niño enfermizo que está a punto de morir. En tal situación, el primer ministro obliga a su hijo Guildford a casarse contra su voluntad con Lady Jane Grey y, muerto Eduardo, los c...
Guardado en:
| Autor Principal: | |
|---|---|
| Autor Corporativo: | |
| Otros Autores: | , , |
| Formato: | |
| Idioma: | Undetermined |
| Publicado: |
Estados Unidos,
Paramount Pictures.
1986 :
|
| Materias: | |
| Etiquetas: |
Agregar Etiqueta
Sin Etiquetas, Sea el primero en etiquetar este registro!
|
| LEADER | 01376ngm a22002415a 4500 | ||
|---|---|---|---|
| 001 | CEM.cems021071 | ||
| 008 | 240424s1995####xx#---############vlund#d | ||
| 005 | 20240424171726.0 | ||
| 245 | 1 | 0 | |a Lady Jane |h [videograbación] / |c Trevor Nunn. |
| 260 | |a Estados Unidos, |c 1986 : |b Paramount Pictures. | ||
| 300 | |a 135'. | ||
| 538 | |a Soporte: DVD - Formato: AVI - Peso: 0,99 gb - Resolución: 512 x 272 - 25 fps | ||
| 500 | |a Título original: Lady Jane - Idioma original: Inglés - Subtítulos: Español. | ||
| 590 | |a Identificación anterior: 167 | ||
| 520 | |a Siglo XVI. A la muerte de Enrique VIII, Inglaterra queda sumida en el caos, ya que Eduardo VI (1547), el nuevo rey, es un niño enfermizo que está a punto de morir. En tal situación, el primer ministro obliga a su hijo Guildford a casarse contra su voluntad con Lady Jane Grey y, muerto Eduardo, los coloca en el trono de Inglaterra. La relación entre ambos es gélida como el hielo, pero con el paso del tiempo se convertirá en un amor fuerte e imperecedero que les llevará a un destino incierto. | ||
| 100 | 1 | |a Nunn, Trevor. | |
| 700 | 1 | |a Snell, Peter; Producción. | |
| 700 | 1 | |a Bonham Carter, Helena; Reparto. | |
| 700 | 1 | |a Elwes, Cary; Reparto. | |
| 710 | 2 | |a Paramount Pictures. | |
| 653 | |a LARGOMETRAJE | ||
| 653 | |a FICCIÓN | ||
| 859 | |a CEMS |b BIB. CEMS - Depto. Recursos Didacticos |h 778.5 |i NUN |k DRD |p 3372.24 |t Ej.1 | ||
